00613nam a2200193 a 4500008004100000020001500041050001400056100001300070245008100083250001200164260004200176300002400218350000900242500004200251650003500293650002000328700001600348856005500364060316s1998 ||||||||||||||||| || u a0750640162 a T 55 Cox aCox, Sue10aSafety, reliability, and risk management : an integrated approach. (2nd ed.) a2nd ed. aOxford :bButterworth-Heinemannc1998 aviii, 325 p. : ill. a0.00 aIncludes bibliographical references  aINDUSTRIAL SAFETY - MANAGEMENT 0aRISK ASSESSMENT aTait, Robin uhttp://www.loc.gov/catdir/toc/els033/98206519.html